30 biggest cities and towns in Maine - Statistics

General Stats
  • This quiz has been taken 73 times
  • The average score is 15 of 30
Answer Stats
Population City % Correct
68,408 Portland
98%
18,899 Augusta
93%
31,753 Bangor
93%
37,121 Lewiston
89%
26,498 South Portland
78%
11,536 Kennebunk
72%
22,552 Biddeford
59%
21,756 Brunswick
59%
20,381 Saco
57%
13,723 York
57%
15,828 Waterville
54%
24,061 Auburn
50%
10,070 Kittery
50%
11,183 Orono
50%
12,444 Falmouth
48%
21,982 Sanford
48%
22,135 Scarborough
46%
8,797 Presque Isle
44%
20,400 Westbrook
44%
8,990 Yarmouth
44%
18,336 Gorham
43%
11,314 Wells
41%
8,766 Bath
33%
18,434 Windham
30%
8,960 Old Orchard Beach
28%
9,535 Cape Elizabeth
24%
9,560 Topsham
20%
9,711 Lisbon
17%
10,244 Standish
15%
9,672 Brewer
11%
No matching quizzes found
Score Distribution
Percent of People with Each Score
Percentile by Number Answered
Your Score History
You have not taken this quiz